000 00308nam a22001217a 4500
082 _aRIB.5 678.061
_bMAJ
100 _aMAJUMDAR (Samir)
245 _aPolymer adhesives chemistry
260 _aThailand
_bTechnobiz communications
_c2018
300 _a64p.
650 _aPolymer adhesives chemistry
942 _cBK
999 _c74809
_d74809